| 000 | 00446cam a22001217a 4500 | ||
|---|---|---|---|
| 008 | 180718b1998 xxu||||| |||| 00| 0 eng d | ||
| 082 | _aQ39x5442 M277L/1 | ||
| 245 | _aDisaster management information data base for latur plan | ||
| 260 |
_aMumbai _bMaharashtra Emergency Earthhquake Rehabilition Programme _c1998 |
||
| 300 | _av.p. | ||
| 500 | _aContents: v.1. Latur district disaster management information database | ||
| 650 | _aDisaster management | ||
| 999 |
_c432958 _d432958 |
||